Bills of lading and bankers' documentary credits / (Record no. 27492)
[ view plain ]
| 000 -LEADER | |
|---|---|
| fixed length control field | 01707cam a2200373Ii 4500 |
| 001 - CONTROL NUMBER | |
| control field | 9780203796535 |
| 003 - CONTROL NUMBER IDENTIFIER | |
| control field | OSt |
| 005 - DATE AND TIME OF LATEST TRANSACTION | |
| control field | 20240802120307.0 |
| 006 - FIXED-LENGTH DATA ELEMENTS--ADDITIONAL MATERIAL CHARACTERISTICS | |
| fixed length control field | a|||||o|||| 00| 0 |
| 008 - FIXED-LENGTH DATA ELEMENTS--GENERAL INFORMATION | |
| fixed length control field | 180706s2007 enk ob 001 0 eng d |
| 020 ## - INTERNATIONAL STANDARD BOOK NUMBER | |
| International Standard Book Number | 9780203796535 |
| Qualifying information | (e-book : PDF) |
| International Standard Book Number | 9781135135744 |
| Qualifying information | (e-book: PDF) |
| International Standard Book Number | 9781135135812 |
| Qualifying information | (e-book: ePub) |
| International Standard Book Number | 9781135135881 |
| Qualifying information | (e-book: Mobi) |
| Canceled/invalid ISBN | 9781843116318 |
| Qualifying information | (hardback) |
| 024 7# - OTHER STANDARD IDENTIFIER | |
| Standard number or code | 10.4324/9780203796535 |
| Source of number or code | doi |
| 035 ## - SYSTEM CONTROL NUMBER | |
| System control number | (OCoLC)841809136 |
| 040 ## - CATALOGING SOURCE | |
| Transcribing agency | imu-kc |
| 043 ## - GEOGRAPHIC AREA CODE | |
| Geographic area code | e-uk--- |
| 050 #4 - LIBRARY OF CONGRESS CALL NUMBER | |
| Classification number | KD1697 |
| Item number | .T63 2007 |
| 082 04 - DEWEY DECIMAL CLASSIFICATION NUMBER | |
| Classification number | 346.41082 |
| Item number | T635 |
| 100 1# - MAIN ENTRY--PERSONAL NAME | |
| Personal name | Todd, Paul, |
| Dates associated with a name | 1954-, |
| Relator term | author. |
| 245 10 - TITLE STATEMENT | |
| Title | Bills of lading and bankers' documentary credits / |
| Statement of responsibility, etc. | by Paul Todd. |
| 250 ## - EDITION STATEMENT | |
| Edition statement | Fourth edition. |
| 264 #1 - PRODUCTION, PUBLICATION, DISTRIBUTION, MANUFACTURE, AND COPYRIGHT NOTICE | |
| Place of production, publication, distribution, manufacture | London : |
| Name of producer, publisher, distributor, manufacturer | Informa, |
| Date of production, publication, distribution, manufacture, or copyright notice | 2007. |
| 300 ## - PHYSICAL DESCRIPTION | |
| Extent | 1 online resource (xxvi, 335 pages) |
| 490 0# - SERIES STATEMENT | |
| Series statement | Essential maritime and transport law series |
| 505 0# - FORMATTED CONTENTS NOTE | |
| Formatted contents note | 1. Introduction to bills of lading and bankers' documentary credits -- 2. The documentary credit in general terms -- 3. Documents used in international trade -- 4. The contract of sale -- 5. The documents as security I : lost, damaged or misdescribed goods -- 6. The documents as security II : property -- 7. The documents as security III : possession -- 8. Documentation and the UCP -- 9. Banks' duties to accept or reject presentation -- 10. Conclusion. |
| 650 #0 - SUBJECT ADDED ENTRY--TOPICAL TERM | |
| Topical term or geographic name entry element | Documentary credit |
| General subdivision | Law and legislation |
| Geographic subdivision | Great Britain. |
| Topical term or geographic name entry element | Bills of lading |
| Geographic subdivision | Great Britain. |
| 776 08 - ADDITIONAL PHYSICAL FORM ENTRY | |
| Relationship information | Print version: |
| International Standard Book Number | 9781843116318 |
| Record control number | (DLC) 2008428306 |
| 856 40 - ELECTRONIC LOCATION AND ACCESS | |
| Uniform Resource Identifier | <a href="https://www.taylorfrancis.com/books/9781135135744">https://www.taylorfrancis.com/books/9781135135744</a> |
| Public note | Click here to view. |
| 942 ## - ADDED ENTRY ELEMENTS (KOHA) | |
| Source of classification or shelving scheme | |
| Koha item type | E-Book |
No items available.